Statistics for World Capitals Containing H - Two Minute Sprint

Click here to take the quiz!

General Stats

  • This quiz has been taken 394 times
  • The average score is 18 of 32

Answer Stats

capital% Correct
Helsinki
85%
Harare
80%
Washington
79%
Hanoi
77%
Honiara
73%
Bucharest
71%
Havana
70%
Ashgabat
68%
Stockholm
64%
Athens
61%
Dhaka
61%
Riyadh
60%
Thimphu
58%
Abu Dhabi
56%
Baghdad
56%
Kathmandu
56%
Tashkent
56%
Tehran
56%
Copenhagen
55%
Chișinău
54%
Dushanbe
54%
New Delhi
54%
Bishkek
52%
Khartoum
51%
Phnom Penh
50%
Windhoek
49%
Doha
43%
Mogadishu
41%
Kinshasa
39%
Nouakchott
37%
South Tarawa
27%
St John's
27%

Score Distribution

Percentile by Number Answered

Percent of People with Each Score

Your Score History

You have not taken this quiz